| 000 | 00429nam a22001697a 4500 | ||
|---|---|---|---|
| 005 | 20220721164920.0 | ||
| 008 | 220721b ||||| |||| 00| 0 eng d | ||
| 040 | _cAL | ||
| 041 | _aEnglish | ||
| 082 |
_223 _a823 _bSINS |
||
| 100 |
_aJoginder singh _952488 |
||
| 245 | _aSome Untold | ||
| 260 |
_aNew Delhi _bIndian Police Service |
||
| 300 |
_a102 p. _bPB _c21x18 cm. |
||
| 700 |
_aSINGH (Joginder) _952489 |
||
| 942 |
_2ddc _cGF |
||
| 999 |
_c224091 _d224091 |
||